| 000 | 00470nam a2200193 4500 | ||
|---|---|---|---|
| 003 | LK-CoMWRAF | ||
| 005 | 20230901041028.0 | ||
| 008 | 230901b1990 |||||||| |||| 00| 0 eng d | ||
| 020 | _a0553291718 | ||
| 040 |
_aLK-CoMWRAF _dLK-CoMWRAF _eLK-CoMWRAF |
||
| 041 | _aeng | ||
| 082 |
_a823 _bTHO |
||
| 100 | _aThomas, Rosie | ||
| 245 | _aA Woman of our times | ||
| 260 |
_aNew York : _bBantam Books, _c1990 |
||
| 300 | _a480p | ||
| 650 | _aEnglish Fiction | ||
| 942 | _cBK | ||
| 999 |
_c3346 _d3346 |
||